00602nam a2200241Ia 4500008004100000020001800041100001600059245003400075245005000109260001500159260002000174260000900194300001600203300002000219300001000239650001300249650003500262650001600297650001300313650001300326650001300339700000800352160803s9999 xx 000 0 und d a9780670059928 aKline, Suzy aHorrible Harry and the Goog / cby Suzy Kline ; pictures by Frank Remkiewicz. aNew York : bScholastic Inc. c2005 a56 pages :  billustrations ; c22 cm aCats --  aLost and found possessions --  aSchools --  xFiction. xFiction. xFiction. a510